000
00216 a2200097 4500
001
32909
100
_a
Hameed, A
245
_a
Dilli action [Urdu]
260
_a
Lahore
_b
Maqbool Academy
_c
1996
090
_c
22067
_d
22067
942
_a
NUST-CAE
_c
M
_c
13411
999
_c
267982
_d
267982